000 006140000a22001810004500
003 MACL
005 20160607134039.0
008 160607b xxu||||| |||| 00| 0 eng d
040 _aMACL
_cMACL
041 _aHindi
082 _a920 SWA
100 _aस्‍वामी, मुमुक्षानन्‍द
_962580
245 _aविवेकानन्‍द साहित्‍य
_bअष्‍ट खंड
260 _bस्‍वामी, मुमुक्षानन्‍द
_c2004
_aकोलकाता
350 _a70
650 _aBiography
_962655
942 _cHIN
_k920/SWA
_2ddc
999 _c11319
_d11319